[Event "IND-ch U19 46th"]
[Site "Rajahmundry"]
[Date "2016.10.09"]
[Round "3"]
[White "Barath, L."]
[Black "Shailesh, Dravid"]
[Result "0-1"]
[WhiteElo "1984"]
[BlackElo "2269"]
[PlyCount "90"]
[EventDate "2016.10.08"]
[EventType "swiss"]
[EventRounds "11"]
[EventCountry "IND"]
[SourceTitle "CBM 175 Extra"]
[Source "ChessBase"]
[SourceDate "2016.12.12"]
[SourceVersion "1"]
[SourceVersionDate "2016.12.12"]
[SourceQuality "1"]

1. d4 Nf6 2. Nf3 g6 3. g3 Bg7 4. Bg2 0-0 5. 0-0 d6 6. c4 Nbd7 7. Nc3 e5 8. dxe5 dxe5 9. Qc2 c6 10. Rd1 Qb6 11. e4 Qc5 12. b3 Qe7 13. a4 a5 14. Ba3 Nc5 15. Ne1 b6 16. b4 axb4 17. Bxb4 Be6 18. a5 bxa5 19. Ba3 Qa7 20. Na4 Nfd7 21. Nd3 Nxd3 22. Bxf8 Nxf2 23. Qxf2 Bxf8 24. Qxa7 Rxa7 25. Bf1 Nc5 26. Nxc5 Bxc5+ 27. Kg2 a4 28. Rd2 a3 29. Rb1 Kg7 30. Ra2 Ra4 31. Rc1 Rb4 32. Rc3 Rb2+ 33. Rxb2 axb2 34. Rb3 Bd4 35. Rb7 c5 36. Bd3 h5 37. Rb6 Bg4 38. h3 Bd1 39. Kf1 Bc3 40. Bb1 Bb4 41. Kf2 Bb3 42. g4 hxg4 43. hxg4 Kh6 44. Rb7 Bxc4 45. Kf3 Kg5 0-1

[Event "IND-ch U25"]
[Site "Kankarbagh"]
[Date "2015.10.19"]
[Round "9"]
[White "Gusain, Himal"]
[Black "Barath, L."]
[Result "1-0"]
[WhiteElo "2326"]
[BlackElo "1948"]
[PlyCount "63"]
[EventDate "2015.10.13"]
[EventType "swiss"]
[EventRounds "9"]
[EventCountry "IND"]
[SourceTitle "CBM 168 Extra"]
[Source "ChessBase"]
[SourceDate "2015.10.29"]
[SourceVersion "1"]
[SourceVersionDate "2015.10.29"]
[SourceQuality "1"]

1. e4 c5 2. b3 Nc6 3. Bb2 e6 4. Bb5 Qc7 5. Nf3 Nf6 6. e5 Nd5 7. 0-0 a6 8. Bxc6 Qxc6 9. Ng5 Be7 10. Ne4 f5 11. exf6 Nxf6 12. Nxf6+ Bxf6 13. Bxf6 gxf6 14. Qh5+ Ke7 15. Qh6 Kf7 16. Nc3 b6 17. Rae1 f5 18. Qh5+ Kg7 19. Re3 Bb7 20. Rg3+ Kf8 21. Re1 Qd6 22. Qg5 Qe7 23. Qh6+ Ke8 24. Rg7 Qd6 25. Re3 Kd8 26. Rd3 Qc6 27. Rgxd7+ Qxd7 28. Qg7 Bd5 29. Qxh8+ Kc7 30. Nxd5+ exd5 31. Qxa8 Qe6 32. Re3 1-0

[Event "IND-ch U25"]
[Site "Kankarbagh"]
[Date "2015.10.14"]
[Round "2"]
[White "Soni, Sangharsh"]
[Black "Barath, L."]
[Result "0-1"]
[WhiteElo "1611"]
[BlackElo "1948"]
[PlyCount "72"]
[EventDate "2015.10.13"]
[EventType "swiss"]
[EventRounds "9"]
[EventCountry "IND"]
[SourceTitle "CBM 168 Extra"]
[Source "ChessBase"]
[SourceDate "2015.10.29"]
[SourceVersion "1"]
[SourceVersionDate "2015.10.29"]
[SourceQuality "1"]

1. e4 c5 2. Nf3 a6 3. d4 cxd4 4. Nxd4 Nf6 5. Nc3 e5 6. Nb3 Bb4 7. Bc4 Qc7 8. Qd3 b5 9. Bd5 Nxd5 10. exd5 d6 11. 0-0 Bxc3 12. bxc3 Nd7 13. a4 bxa4 14. Rxa4 Bb7 15. Rh4 g6 16. Be3 Rc8 17. c4 f5 18. Re1 0-0 19. Nd2 f4 20. Bxf4 Nc5 21. Qh3 exf4 22. Ne4 Nxe4 23. Rxe4 Rce8 24. Rhxf4 Qg7 25. c3 Bc8 26. Qe3 Bd7 27. h3 Rxf4 28. Rxe8+ Bxe8 29. Qxf4 Qc7 30. Kf1 a5 31. Qe4 Bf7 32. Ke2 a4 33. Kd3 a3 34. Qe1 Qb6 35. Qa1 Qb3 36. g4 a2 0-1

[Event "New Delhi Parsvnath op 9th"]
[Site "New Delhi"]
[Date "2011.01.10"]
[Round "4"]
[White "Barath, L."]
[Black "Shivananda, BS."]
[Result "0-1"]
[WhiteElo "1894"]
[BlackElo "2372"]
[PlyCount "118"]
[EventDate "2011.01.08"]
[EventType "swiss"]
[EventRounds "11"]
[EventCountry "IND"]
[SourceTitle "CBM 140 Extra"]
[Source "ChessBase"]
[SourceDate "2011.03.01"]
[SourceVersion "1"]
[SourceVersionDate "2011.03.01"]
[SourceQuality "1"]

1. e4 e5 2. Nf3 Nf6 3. Nc3 Bb4 4. d3 Nc6 5. a3 Bxc3+ 6. bxc3 d6 7. Be2 h6 8. 0-0 Ne7 9. Ne1 g5 10. f3 Ng6 11. d4 Qe7 12. Nd3 Bd7 13. Rb1 b6 14. g3 Rg8 15. Re1 c5 16. Bf1 Nh7 17. Bg2 Nhf8 18. Be3 Ne6 19. Bf2 h5 20. d5 Nd8 21. Kh1 Nb7 22. Qc1 Na5 23. Rg1 0-0-0 24. Qf1 Kb7 25. c4 Kc7 26. Be1 Nb7 27. Bc3 f5 28. Re1 f4 29. gxf4 gxf4 30. Bh3 Nh4 31. Bxd7 Qxd7 32. Re2 Rxg1+ 33. Kxg1 Rg8+ 34. Kh1 Qg7 35. Nxf4 Nd8 36. Nxh5 Qf7 37. Ng3 Nxf3 38. Rf2 Rxg3 39. hxg3 Qh7+ 40. Kg2 Ng5 41. Be1 Qxe4+ 42. Kg1 Qe3 43. Kh2 Qe4 44. Kg1 Qe3 45. Kh2 Qe4 46. Kg1 Qg4 47. Kh2 Qh5+ 48. Kg2 Qh3+ 49. Kg1 Qxg3+ 50. Kh1 Qh4+ 51. Kg2 Qg4+ 52. Kh2 Qh5+ 53. Kg2 Ndf7 54. Bd2 Qh3+ 55. Kg1 Qg4+ 56. Qg2 Nh3+ 57. Kh2 Nxf2 58. Qxf2 Qh5+ 59. Kg1 Qd1+ 0-1

[Event "IND-ch U15"]
[Site "Mumbai"]
[Date "2009.11.09"]
[Round "11"]
[White "Barath, L."]
[Black "Navalgund, Niranjan"]
[Result "0-1"]
[WhiteElo "1830"]
[BlackElo "2174"]
[PlyCount "82"]
[EventDate "2009.11.01"]
[EventType "swiss"]
[EventRounds "11"]
[EventCountry "IND"]
[SourceTitle "EXT 2011"]
[Source "ChessBase"]
[SourceDate "2010.11.26"]
[SourceVersion "1"]
[SourceVersionDate "2010.11.26"]
[SourceQuality "1"]

1. e4 c5 2. Nc3 Nc6 3. g3 g6 4. Bg2 Bg7 5. d3 d6 6. f4 e6 7. Nf3 Nge7 8. 0-0 0-0 9. Kh1 Rb8 10. Rb1 b5 11. Be3 Qa5 12. e5 b4 13. Ne4 Nd5 14. Bg1 dxe5 15. Bxc5 Rd8 16. fxe5 Nxe5 17. Nxe5 Bxe5 18. d4 Bg7 19. Qe1 f5 20. Ng5 e5 21. a3 h6 22. Bxd5+ Rxd5 23. axb4 Qd8 24. Nf3 e4 25. Nh4 g5 26. Ng6 Kh7 27. Ne5 Bxe5 28. dxe5 Rxe5 29. g4 e3 30. Rd1 Qc7 31. Qe2 Bb7+ 32. Kg1 Qc6 33. Bxe3 Qh1+ 34. Kf2 Qxh2+ 35. Ke1 Qxe2+ 36. Kxe2 f4 37. Rd7+ Kg8 38. Rd3 Ba6 39. Kd2 fxe3+ 40. Ke2 Rf8 41. Rxf8+ Kxf8 0-1

[Event "IND-ch U15"]
[Site "Mumbai"]
[Date "2009.11.02"]
[Round "2"]
[White "Viani, Antonio Dcunha"]
[Black "Barath, L."]
[Result "1-0"]
[WhiteElo "2213"]
[BlackElo "1830"]
[PlyCount "85"]
[EventDate "2009.11.01"]
[EventType "swiss"]
[EventRounds "11"]
[EventCountry "IND"]
[SourceTitle "EXT 2011"]
[Source "ChessBase"]
[SourceDate "2010.11.26"]
[SourceVersion "1"]
[SourceVersionDate "2010.11.26"]
[SourceQuality "1"]

1. e4 c5 2. Nf3 a6 3. c3 d5 4. exd5 Qxd5 5. d4 cxd4 6. cxd4 e6 7. Nc3 Bb4 8. Bd3 Bxc3+ 9. bxc3 Nc6 10. 0-0 h6 11. Bb2 Nge7 12. Qe2 0-0 13. Rfe1 Re8 14. c4 Qd6 15. Rad1 Bd7 16. Bb1 Rad8 17. Qd3 Ng6 18. h4 Nb4 19. Qc3 a5 20. d5 e5 21. h5 Nf4 22. Nxe5 Nxh5 23. c5 Qc7 24. a3 Na6 25. Qc2 f5 26. c6 bxc6 27. Qc4 Qb6 28. Nxd7 Rxe1+ 29. Rxe1 Qxb2 30. dxc6+ Kh8 31. Qxa6 Qc3 32. Qe2 Qxc6 33. Bxf5 Nf6 34. Ne5 Qc7 35. Ng6+ Kg8 36. Qa2+ Kh7 37. Ne5+ Kh8 38. Nf7+ Kg8 39. Nxd8+ Kh8 40. Nf7+ Kg8 41. Nxh6+ Kh8 42. Re8+ Nxe8 43. Qg8# 1-0